000 00645nam a2200229Ia 4500
003 OSt
005 20220928145538.0
006 a|||||r|||| 00| 0
007 ta
008 220927b |||||||| |||| 00| 0 eng d
024 _a81115
037 _cTextual
040 _aSDCL
_cSDCL
_beng
041 _2eng
_aeng
082 _aX9:6-328.1'P, P0
100 _aBenjamin Gerald A
_9513342
245 0 _aAngel financing
_b How to find and invest in private equity.
260 _c2000
700 _a Margulis Joel B
_9513343
942 _hX9:6-328.1'P, P0
_cTEXL
_2CC
999 _c833987
_d833987